Sosyal demokrasi ve arayış (Record no. 6356)

MARC details
000 -BAŞLIK
Sabit Uzunlukta Kontrol Alanı 01411na a2200457 4500
001 - KONTROL NUMARASI
Denetim Alanı 23325
003 - KONTROL NUMARASI IDENTIFIER
Denetim Alanı MIRAKIL
005 - SON İŞLEM TARİHİ VE ZAMANI
Denetim Alanı 20181213155105.0
008 - SABİT-BOY VERİ ELEMANLARI - GENEL BİLGİLER
Sabit Uzunlukta Kontrol Alanı 170920b tu 000 0
020 ## - ULUSLARARASI STANDART KİTAP NUMARASI
Uluslararası Standart Kitap Numarası 9786056644429
040 ## - KATALOGLAMA KAYNAK
Orijinal Kataloglama Ajansı Milas
Kataloglama Dili tur
Metne Dönüştürmek Ajansı TR-AnCHP
041 ## - DİL KODU
Metin / Ses Parça Veya Ayrı Başlığın Dil Kodu tur
082 ## - DEWEY ONLU SINIFLANDIRMA NUMARASI
Sınıflandırma Numarası 320.5315
Ürün Numarası S67 2017
090 ## - SINIFLAMA NUMARASI
Sınıflama Numarası 320.5315 S67 2017
110 ## - ANA GİRİŞ - KURUMSAL ADI
Giriş Elemanı Olarak Kurumsal Ad Veya Yargı Alanı Adı Sosyal Demokrasi Derneği
245 ## - BAŞLIK TABLOSU
Başlık Sosyal demokrasi ve arayış
Başlığın Kalan Arayış dergisi yazıları
Sorumluluk Tablosu, Vb Sosyal Demokrasi Derneği
246 ## - UNVAN FORM VARYING
Başlık Doğru / Kısa Başlığı Arayış dergisi yazıları
260 ## - YAYIN, DAĞITIM, VB
Yayın, Dağıtım, Vb Yeri Ankara
Yayıncı, Dağıtıcı, Vs Adı Sosyal Demokrasi Derneği
Yayın, Dağıtım, Vb Tarihi 2017
Üretici Firma Ziraat Grup Matbaacılık
300 ## - FİZİKSEL TANIM
Kapsam 256 s.
Boyutlar 19 sm.
440 ## - SERİSİ TABLOSU / KATMA GİRİŞİ - BAŞLIK
Başlık Sosyal Demokrasi Derneği Yayınları
Hacim / Ardışık Tanımı 15
490 ## - SERİSİ TABLOSU
Seri Beyanı Sosyal Demokrasi Düşünce Dünyası
Hacim / Ardışık Tanımı 6
650 ## - KONU KATMA GİRİŞ - TOPİKAL DÖNEM
Topikal Süreli Veya Coğrafi Ad Giriş Elemanı Sosyal devlet
Coğrafi Alt Bölümü Türkiye
650 ## - KONU KATMA GİRİŞ - TOPİKAL DÖNEM
Topikal Süreli Veya Coğrafi Ad Giriş Elemanı CHP ve Sosyal Demokrasi
650 ## - KONU KATMA GİRİŞ - TOPİKAL DÖNEM
Topikal Süreli Veya Coğrafi Ad Giriş Elemanı Siyaset ve yönetim
Genel Alt Bölümü Sosyal demokrasi
Coğrafi Alt Bölümü Türkiye
700 ## - KATMA GİRİŞ - KİŞİSEL İSİM
Kişisel Ad Gürel, Şükrü S.
700 ## - KATMA GİRİŞ - KİŞİSEL İSİM
Kişisel Ad Ahipaşaoğlu, Burhanettin
700 ## - KATMA GİRİŞ - KİŞİSEL İSİM
Kişisel Ad Gülizar, Jülide
700 ## - KATMA GİRİŞ - KİŞİSEL İSİM
Kişisel Ad Aruoba, Zeynep
700 ## - KATMA GİRİŞ - KİŞİSEL İSİM
Kişisel Ad Çelem, Hayran
700 ## - KATMA GİRİŞ - KİŞİSEL İSİM
Kişisel Ad Arat, Necla
700 ## - KATMA GİRİŞ - KİŞİSEL İSİM
Kişisel Ad Sümer, Necdet
700 ## - KATMA GİRİŞ - KİŞİSEL İSİM
Kişisel Ad Güvenç, Faruk
700 ## - KATMA GİRİŞ - KİŞİSEL İSİM
Kişisel Ad İpşiroğlu, Mazhar
700 ## - KATMA GİRİŞ - KİŞİSEL İSİM
Kişisel Ad İpşiroğlu, Nazan
700 ## - KATMA GİRİŞ - KİŞİSEL İSİM
Kişisel Ad Köknel, Özcan
700 ## - KATMA GİRİŞ - KİŞİSEL İSİM
Kişisel Ad Ecevit, Bülent
740 ## - KATMA GİRİŞ - KONTROLSUZ İLGİLİ / ANALİTİK BAŞLIK
Kontrol Edilmeyen / İlgili Analitik Başlıktaki Arayış dergisi yazıları
942 ## - EKLENDİ GİRİŞ ELEMANLARI (KOHA)
Sınıflandırma Veya Raf Düzeni Kaynak Dewey Decimal Classification
Koha Öğesi Türü Books
999 ## - SİSTEM KONTROL NUMARALARI (KOHA)
Koha Biblionumber 6356
Koha Biblioitemnumber 6356
657 ## - INDEX SÜRE - İŞLEVİ
-- Tarım
657 ## - INDEX SÜRE - İŞLEVİ
-- Halkevleri
Holdings
Kalıcı Konum Mevcut Konum Edinme Tarihi Edinim Kaynak Toplam Check-Out'Lar Tam Çağrı Numarası Barkod Tarih Son Görülme İtibaren Geçerli Fiyatlar Koha Öğesi Türü
CHP Kütüphanesi CHP Kütüphanesi 09/11/2017 Bağış   320.5315 S67 2017 017310 09/11/2017 09/11/2017 Books